[Event "Sparkassen Open A"]
[Site "Dortmund GER"]
[Date "2012.07.15"]
[Round "2.18"]
[White "Cebulla, Konstantin"]
[Black "Torres-Kuckel, Rafael"]
[Result "1/2-1/2"]
[BlackTitle "FM"]
[WhiteElo "1977"]
[BlackElo "2306"]
[WhiteFideId "1272025"]
[BlackFideId "4625072"]
[EventDate "2012.07.14"]

1. d4 Nf6 2. c4 e6 3. g3 c5 4. d5 exd5 5. cxd5 Bd6 6. Bg2 O-O 7. Nh3 Bc7 8. d6
Ba5+ 9. Bd2 Nc6 10. O-O Re8 11. Nf4 Rb8 12. Bxa5 Qxa5 13. Nc3 b5 14. Ncd5 Nxd5
15. Nxd5 Bb7 16. Nc7 Rf8 17. e3 c4 18. Qh5 f5 19. Rfd1 Nb4 20. Bxb7 Rxb7 21. a3
Nc6 22. Rd5 g6 23. Qe2 a6 24. Rad1 Rbb8 25. Kg2 Qb6 26. h4 h5 27. R1d2 Rf6 28.
a4 Nb4 29. R5d4 Qc6+ 30. Qf3 Qxf3+ 31. Kxf3 Rb6 32. Nd5 Nxd5 33. Rxd5 Re6 34.
axb5 axb5 35. Kf4 Re4+ 36. Kf3 Rb7 37. Rc5 Re6 38. Rcd5 1/2-1/2

[Event "Sparkassen Open A"]
[Site "Dortmund GER"]
[Date "2012.07.15"]
[Round "2.19"]
[White "Piepho, Niels"]
[Black "Hartung, Thomas2"]
[Result "1-0"]
[WhiteElo "2301"]
[BlackElo "2013"]
[WhiteFideId "4624262"]
[BlackFideId "4639146"]
[EventDate "2012.07.14"]

1. Nf3 Nf6 2. g3 d6 3. Bg2 g6 4. O-O Bg7 5. c4 O-O 6. Nc3 c5 7. a3 Nc6 8. Rb1 a5
9. d3 e6 10. Be3 Ng4 11. Bg5 f6 12. Bd2 f5 13. Bg5 Nf6 14. Qd2 Rf7 15. Bh6 Qf8
16. Bxg7 Rxg7 17. d4 e5 18. d5 Ne7 19. b4 axb4 20. axb4 b6 21. Nxe5 Ra3 22. Nb5 1-0

[Event "Sparkassen Open A"]
[Site "Dortmund GER"]
[Date "2012.07.15"]
[Round "2.20"]
[White "Zuse, Klaus-Peter"]
[Black "Hobusch, Jan"]
[Result "1-0"]
[WhiteTitle "FM"]
[WhiteElo "2278"]
[BlackElo "2027"]
[WhiteFideId "4605306"]
[BlackFideId "12907634"]
[EventDate "2012.07.14"]

1. e4 c6 2. d4 d5 3. f3 e6 4. Nc3 Bb4 5. Bf4 b6 6. Qd2 Ne7 7. a3 Bxc3 8. Qxc3
Ba6 9. Bxa6 Nxa6 10. Ne2 O-O 11. O-O Rc8 12. Qb3 Qd7 13. Qa4 Qb7 14. b4 Nc7 15.
Qb3 Rfd8 16. c4 b5 17. c5 a6 18. Bd6 Ne8 19. Bxe7 Qxe7 20. e5 Ra8 21. f4 Rd7 22.
a4 Rda7 23. Nc3 Qb7 24. f5 exf5 25. Rxf5 f6 26. exf6 Nxf6 27. Re1 Qf7 28. h3 Re8
29. Rfe5 Rae7 30. axb5 axb5 31. Qa2 Rxe5 32. Rxe5 Nd7 33. Rxe8+ Qxe8 34. Qf2 Nf6
35. Qg3 Qe7 36. Kh2 Ne8 37. Qf3 Nf6 38. Ne2 Qe4 39. Qxe4 Nxe4 40. Nc1 Nc3 41.
Kg3 Kf7 42. Kf4 Ke6 43. g4 Ne4 44. Nd3 g5+ 45. Kf3 Kd7 46. Kg2 Kc7 47. h4 gxh4
48. Kh3 Ng5+ 49. Kxh4 Nf3+ 50. Kh5 Nxd4 51. Kh6 Kd7 52. Kxh7 Ke6 53. Kg6 Nf3 54.
g5 d4 55. Kh6 Nh4 56. Kh5 Nf5 57. Kg4 Ng7 58. Kf4 Kd5 59. g6 Kc4 60. Ke4 1-0

[Event "Sparkassen Open A"]
[Site "Dortmund GER"]
[Date "2012.07.15"]
[Round "2.21"]
[White "Rodemann, Edmund"]
[Black "Wagner, Alexej"]
[Result "0-1"]
[WhiteElo "2033"]
[BlackElo "2216"]
[WhiteFideId "4634462"]
[BlackFideId "4129555"]
[EventDate "2012.07.14"]

1. e4 c5 2. c3 e5 3. Nf3 Nc6 4. Bc4 Be7 5. O-O d6 6. d4 Qc7 7. dxc5 dxc5 8. h3
h6 9. Be3 Nf6 10. Nbd2 O-O 11. Qc2 Nh5 12. Rfe1 Nf4 13. Bxf4 exf4 14. e5 Nd8 15.
Qe4 Ne6 16. Bd3 g6 17. Rad1 Bd7 18. Qe2 Bc6 19. Ne4 Kg7 20. Bc4 Rad8 21. Bb3 b5
22. Rxd8 Rxd8 23. Rd1 Rxd1+ 24. Bxd1 Qa5 25. a3 b4 26. axb4 cxb4 27. c4 Qa1 28.
Nd6 a5 29. Kh2 a4 30. Qd2 a3 31. bxa3 bxa3 32. Bb3 Bxf3 33. gxf3 Qxe5 34. Nb5
Ng5 35. Qd4 Nxf3+ 0-1

[Event "Sparkassen Open A"]
[Site "Dortmund GER"]
[Date "2012.07.15"]
[Round "2.23"]
[White "Rueberg, Jobst"]
[Black "Hassler, Rolf"]
[Result "1-0"]
[WhiteTitle "FM"]
[WhiteElo "2178"]
[BlackElo "1897"]
[WhiteFideId "4677501"]
[BlackFideId "4638255"]
[EventDate "2012.07.14"]

1. e4 e6 2. d4 d5 3. e5 c5 4. c3 Nc6 5. Nf3 Qb6 6. Be2 cxd4 7. cxd4 Nge7 8. Nc3
Nf5 9. Na4 Qc7 10. O-O Be7 11. Bf4 g5 12. Nxg5 Bxg5 13. Bxg5 Nfxd4 14. Bf6 Nxe2+
15. Qxe2 Rg8 16. Qh5 b6 17. Qxh7 Kf8 18. Rac1 d4 19. f4 Qd7 20. Rf3 Ne7 21.
Bxe7+ Qxe7 22. Rg3 Rxg3 23. hxg3 Ke8 24. Qh8+ Kd7 25. Rc4 Bb7 26. Rxd4+ Kc6 27.
Qh7 Kc7 28. Qc2+ Bc6 29. Rd6 Qe8 30. Nc3 Kb7 31. Ne4 Bxe4 32. Qxe4+ Kc7 33. a4
Rd8 34. Qd4 Rc8 35. b3 Kb8 36. Rd7 Qf8 37. b4 Rc1+ 38. Kf2 Rc2+ 39. Kf3 Rc8 40.
a5 Qh8 41. axb6 Qh5+ 42. g4 Qg6 43. Qd6+ 1-0

[Event "Sparkassen Open A"]
[Site "Dortmund GER"]
[Date "2012.07.15"]
[Round "2.25"]
[White "Henkemeier, Markus"]
[Black "Begna, Bozidar"]
[Result "1/2-1/2"]
[WhiteElo "1950"]
[BlackElo "2088"]
[WhiteFideId "1271859"]
[BlackFideId "4633555"]
[EventDate "2012.07.14"]

1. e4 Nf6 2. Nc3 e5 3. Bc4 Nc6 4. d3 Na5 5. Bg5 c6 6. f4 Nxc4 7. dxc4 h6 8. Bxf6
Qxf6 9. fxe5 Qxe5 10. Nf3 Qe6 11. Qd4 b6 12. O-O-O Ba6 13. b3 O-O-O 14. Na4 c5
15. Qd3 g6 16. Nc3 Bg7 17. Nd5 Rhe8 18. Rhe1 d6 19. a4 Bb7 20. a5 bxa5 21. Qd2
Bxd5 22. cxd5 Qf6 23. Qxa5 Qa1+ 24. Qxa1 Bxa1 25. Kd2 Bg7 26. Kd3 Rd7 27. Nd2
Rde7 28. Rf1 f5 29. exf5 Re3+ 30. Kc4 gxf5 31. Kb5 Kc7 32. Rxf5 a6+ 33. Ka4 R8e7
34. b4 cxb4 35. Kxb4 Bc3+ 36. Kc4 Bg7 37. Rf3 Re2 38. c3 Rxg2 39. h3 Kd8 40. Kd3
Re5 41. c4 Re7 42. Rb1 Kc7 43. Ne4 Ra2 44. Rb3 Ra4 45. Rf1 Be5 46. Rf8 a5 47.
Rfb8 Rb4 48. R3xb4 axb4 49. Rxb4 Rf7 50. Nd2 Rf4 51. Rb3 h5 52. Ke3 Rh4 53. Kf2
Rd4 54. Ke2 Rh4 55. Rd3 Kb6 56. Nf3 Rxc4 57. Nxe5 dxe5 58. Ke3 Kc7 59. d6+ Kd7
60. Rd5 Rh4 61. Rxe5 Kxd6 62. Rg5 Rxh3+ 63. Kf2 Ke6 64. Kg2 Rh4 65. Ra5 Kf6 66.
Kg3 Rg4+ 67. Kh3 Kg6 1/2-1/2

[Event "Sparkassen Open A"]
[Site "Dortmund GER"]
[Date "2012.07.15"]
[Round "2.26"]
[White "Fistoul, Michail"]
[Black "Schneidereit, Manfred"]
[Result "0-1"]
[WhiteElo "2087"]
[BlackElo "1820"]
[WhiteFideId "24662976"]
[BlackFideId "24622346"]
[EventDate "2012.07.14"]

1. d4 Nc6 2. c4 e5 3. d5 Bb4+ 4. Nc3 Nce7 5. a3 Bxc3+ 6. bxc3 d6 7. e4 f5 8. Bd3
Nf6 9. Bg5 O-O 10. f3 Qe8 11. Qd2 Qg6 12. O-O-O h6 13. Bxf6 Qxf6 14. Ne2 Bd7 15.
exf5 Bxf5 16. Ng3 Bxd3 17. Qxd3 Qg5+ 18. Qd2 Qxd2+ 19. Kxd2 b6 20. Ne4 Rae8 21.
a4 Nc8 22. h4 Re7 23. Ke3 Ref7 24. Rh3 Rf4 25. Rf1 Kf7 26. g3 Rf5 27. g4 Rf4 28.
h5 Ke8 29. Rg3 Ne7 30. Ke2 Kd8 31. Ra1 Kc8 32. a5 Kb7 33. Rb1 Ra8 34. Kd3 Raf8
35. Ke2 Ra8 36. Rh3 Raf8 37. Ra1 Ra8 38. Ra2 Rd8 39. Rh1 Rdf8 40. Rf1 Rd8 41.
Rfa1 Nc8 42. Rb1 Ne7 43. axb6 cxb6 44. Rba1 Nc8 45. Ra4 Kb8 46. Rg1 Ne7 47. Rb4
Kc7 48. g5 Nf5 49. gxh6 gxh6 50. Rg4 Rf8 51. Rg6 Rh4 52. Ng3 Nxg3+ 53. Rxg3 Rf7
54. c5 Rh2+ 55. Ke3 dxc5 56. Ra4 Kb7 57. Rg6 Rxh5 58. Re6 Rhf5 59. Rxh6 Rxf3+
60. Kd2 R3f4 61. Rxf4 exf4 62. Ke2 a5 0-1

[Event "Sparkassen Open A"]
[Site "Dortmund GER"]
[Date "2012.07.15"]
[Round "2.30"]
[White "Schnelle, Lukas"]
[Black "Haase, Thomas Konstantin"]
[Result "1-0"]
[WhiteElo "2054"]
[BlackElo "1849"]
[WhiteFideId "24675350"]
[BlackFideId "12916773"]
[EventDate "2012.07.14"]

1. e4 e6 2. Nf3 d5 3. e5 c5 4. b4 cxb4 5. a3 Nc6 6. axb4 Bxb4 7. c3 Be7 8. d4
Nh6 9. Bxh6 gxh6 10. Bd3 Rg8 11. O-O Bd7 12. Na3 a6 13. Qd2 Bg5 14. Nxg5 hxg5
15. Bxh7 Rh8 16. Bd3 f5 17. exf6 Qxf6 18. f4 Qh6 19. g3 gxf4 20. Rxf4 O-O-O 21.
Qf2 Rdf8 22. Rf1 Rxf4 23. gxf4 Ne7 24. Nc2 Bb5 25. Bxb5 axb5 26. Ne3 Nf5 27.
Nxf5 exf5 28. Re1 Qh3 29. Qg3 Qh7 30. Kh1 Rg8 31. Qe3 1-0

[Event "Sparkassen Open A"]
[Site "Dortmund GER"]
[Date "2012.07.15"]
[Round "2.31"]
[White "Bausch, Thomas"]
[Black "Heinert, Eugen"]
[Result "0-1"]
[WhiteElo "1947"]
[BlackElo "2172"]
[WhiteFideId "24611115"]
[BlackFideId "24621390"]
[EventDate "2012.07.14"]

1. e4 e6 2. d4 d5 3. Nc3 dxe4 4. Nxe4 Nd7 5. Bd3 Ngf6 6. Qe2 c5 7. dxc5 Nxc5 8.
Nxc5 Bxc5 9. Bg5 Qa5+ 10. Bd2 Qb6 11. Rb1 O-O 12. Nf3 Re8 13. Ne5 Bd4 14. O-O a6
15. Bg5 Qc7 16. Nf3 Bc5 17. Bxf6 gxf6 18. Qe4 f5 19. Qh4 Bf8 20. Rbe1 Bd7 21.
Ne5 Bg7 22. f4 Bb5 23. c4 Bc6 24. Re3 Qb6 25. Re1 Rad8 26. Kh1 Qxb2 27. Rg3 Kf8
28. Qxh7 Bxe5 29. fxe5 Rxd3 30. Qh8+ Ke7 31. Qf6+ Kd7 32. Rxd3+ Kc8 33. Rg3 Qxa2
34. Qxf7 Qxc4 35. Rg8 Rxg8 36. Qxg8+ Kc7 37. Rd1 Kb6 38. Qd8+ Ka7 39. Qd4+ Qxd4
40. Rxd4 a5 41. h4 Be8 42. Kg1 b5 43. Kf2 a4 44. Ke3 a3 45. Rd2 b4 46. Kd4 b3
47. Kc3 b2 48. Rd1 Bg6 49. Kb3 f4 50. Ka2 Kb6 51. Rh1 Kc5 52. h5 Bh7 53. h6 Kd5
54. Re1 Kd4 55. Rh1 Kxe5 56. Rh5+ Kf6 57. Rb5 b1=Q+ 58. Rxb1 Bxb1+ 59. Kxb1 Kg6
60. Ka2 Kxh6 61. Kxa3 Kg5 62. Kb4 Kg4 63. Kc4 Kg3 64. Kd4 Kxg2 65. Ke5 f3 0-1

[Event "Sparkassen Open A"]
[Site "Dortmund GER"]
[Date "2012.07.15"]
[Round "2.33"]
[White "Geyler, Stefan"]
[Black "Brem, Stephan"]
[Result "0-1"]
[WhiteElo "1935"]
[BlackElo "2121"]
[WhiteFideId "24605638"]
[BlackFideId "4617266"]
[EventDate "2012.07.14"]

1. e4 d6 2. d4 Nf6 3. Nc3 g6 4. Be3 c6 5. Qd2 b5 6. Bd3 Nbd7 7. a4 b4 8. Nce2 a5
9. Nf3 Bg7 10. Bh6 O-O 11. h4 Bxh6 12. Qxh6 Ng4 13. Qg5 h5 14. e5 e6 15. exd6
Ba6 16. Nf4 Qxg5 17. hxg5 c5 18. dxc5 Nxc5 19. Bb5 Rfd8 20. Rd1 Bxb5 21. axb5
Ne4 22. O-O Rxd6 23. Rxd6 Nxd6 24. Nd2 Nxb5 25. Nd3 Rc8 26. Re1 Rxc2 27. Ne4 Nd4
28. f3 Ne2+ 29. Kh1 Ne3 30. Ra1 Nc4 31. b3 Na3 32. Rd1 Nc3 33. Nf6+ Kf8 34. Re1
Re2 35. Rc1 Nab5 36. Nc5 Nd4 37. Nb7 Nxb3 38. Rf1 a4 39. Nd6 a3 40. Nc4 a2 0-1

[Event "Sparkassen Open A"]
[Site "Dortmund GER"]
[Date "2012.07.15"]
[Round "2.35"]
[White "Lenaerts, Lennert"]
[Black "Sieberg, Rolf"]
[Result "1-0"]
[WhiteElo "2044"]
[BlackElo "1931"]
[WhiteFideId "211435"]
[BlackFideId "4661257"]
[EventDate "2012.07.14"]

1. c4 Nf6 2. g3 g6 3. Bg2 Bg7 4. Nc3 d6 5. e3 O-O 6. Nge2 Nbd7 7. d3 c5 8. O-O
Rb8 9. a3 b6 10. Qa4 a6 11. b4 Qc7 12. Bb2 Bb7 13. e4 Qc8 14. Rac1 Ne5 15. Qc2
Bc6 16. f4 Ned7 17. Nd5 Nxd5 18. exd5 Bxb2 19. Qxb2 Bb7 20. Nc3 Nf6 21. Ne4 Nxe4
22. dxe4 f5 23. e5 Qe8 24. Rfe1 Qf7 25. Re3 Rbc8 26. Qe2 Rcd8 27. exd6 exd6 28.
Re7 Rde8 29. Rxf7 Rxe2 30. Rxb7 Ra2 31. Rxb6 Re8 32. Bf3 Rxa3 33. Rf1 Ree3 34.
bxc5 dxc5 35. d6 Rxf3 36. Rxf3 Rxf3 37. d7 Rd3 38. Rb8+ Kf7 39. d8=Q 1-0

[Event "Sparkassen Open A"]
[Site "Dortmund GER"]
[Date "2012.07.15"]
[Round "2.36"]
[White "Koch, Till"]
[Black "Butschek, Tanja"]
[Result "0-1"]
[WhiteElo "1892"]
[BlackElo "2043"]
[WhiteFideId "24688142"]
[BlackFideId "24604640"]
[EventDate "2012.07.14"]

1. e4 c5 2. c3 e6 3. d4 d5 4. exd5 exd5 5. Nf3 Nc6 6. Be3 c4 7. b3 b5 8. a4 cxb3
9. Bxb5 Bd7 10. Qxb3 Nf6 11. O-O Rb8 12. Qc2 Bd6 13. Nbd2 O-O 14. Bg5 h6 15. Bh4
Na5 16. Bxf6 gxf6 17. Bd3 Qc7 18. Bf5 Kh8 19. Rfb1 Rbc8 20. Bxd7 Qxd7 21. Rb5
Nc4 22. Nxc4 Rxc4 23. Qd2 Kg7 24. Kh1 Qf5 25. a5 Rfc8 26. Rb3 Bf4 27. Qe2 Rxc3
28. Rxc3 Rxc3 29. g3 Bxg3 30. Rg1 Rxf3 31. Rxg3+ Rxg3 32. hxg3 Qe4+ 33. Qxe4
dxe4 34. Kg2 f5 35. f3 Kf6 36. Kf2 Ke6 37. Ke3 Kd5 38. fxe4+ fxe4 39. g4 a6 0-1

[Event "Sparkassen Open A"]
[Site "Dortmund GER"]
[Date "2012.07.15"]
[Round "2.39"]
[White "Giraud, Valerian"]
[Black "Schwarz, Larissa"]
[Result "1/2-1/2"]
[WhiteElo "2024"]
[BlackElo "1870"]
[WhiteFideId "12920355"]
[BlackFideId "24699004"]
[EventDate "2012.07.14"]

1. Nf3 Nf6 2. g3 g6 3. Bg2 Bg7 4. O-O O-O 5. c4 d5 6. cxd5 Nxd5 7. Nc3 Nb6 8. d3
Nc6 9. a3 h6 10. Qc2 e5 11. b4 Bg4 12. b5 Bxf3 13. bxc6 Bxg2 14. Kxg2 bxc6 15.
a4 Nd5 16. e4 Nb4 17. Qb1 Rb8 18. Rd1 1/2-1/2

[Event "Sparkassen Open A"]
[Site "Dortmund GER"]
[Date "2012.07.15"]
[Round "2.40"]
[White "Schuelke, Tilman"]
[Black "Pedersen, Lars Wisler"]
[Result "1-0"]
[WhiteElo "2007"]
[BlackElo "1853"]
[WhiteFideId "4647475"]
[BlackFideId "1417045"]
[EventDate "2012.07.14"]

1. d4 d5 2. g3 Nf6 3. Bg2 c6 4. Nf3 Bg4 5. Ne5 Nbd7 6. Nxg4 Nxg4 7. e4 dxe4 8.
Qxg4 Nf6 9. Qd1 e6 10. O-O Qb6 11. c3 O-O-O 12. Qb3 Qa6 13. Bg5 Qe2 14. Na3 Qg4
15. Bxf6 gxf6 16. Nc4 h5 17. f3 Qg5 18. fxe4 h4 19. Rf3 Be7 20. Rd1 Rdg8 21. e5
Kc7 22. Nd6 Bxd6 23. exd6+ Kc8 24. Qa3 a6 25. Qc5 f5 26. Qa7 Kd7 27. Qxb7+ Kxd6
28. c4 e5 29. dxe5+ Kxe5 30. Qxc6 Rd8 31. Re1+ Kd4 32. Qb6+ Kxc4 33. Rc3# 1-0

[Event "Sparkassen Open A"]
[Site "Dortmund GER"]
[Date "2012.07.15"]
[Round "2.41"]
[White "Oberste, Norbert"]
[Black "Fenner, Martin"]
[Result "0-1"]
[WhiteElo "1811"]
[BlackElo "2003"]
[WhiteFideId "24608432"]
[BlackFideId "24603589"]
[EventDate "2012.07.14"]

1. f4 Nh6 2. Nf3 g6 3. e3 Bg7 4. d4 O-O 5. Bd3 d5 6. O-O Bg4 7. Be2 f6 8. c3 c6
9. a4 Nf7 10. Nh4 Bc8 11. g4 e5 12. f5 g5 13. Ng2 Re8 14. b4 Nd7 15. c4 dxc4 16.
Bxc4 Nb6 17. Bb3 exd4 18. exd4 Bf8 19. b5 c5 20. dxc5 Bxc5+ 21. Kh1 Kg7 22. Ra2
Qxd1 23. Rxd1 Nd7 24. Rc2 b6 25. Bb2 Nde5 26. h3 h5 27. Re1 hxg4 28. hxg4 Rh8+ 0-1

[Event "Sparkassen Open A"]
[Site "Dortmund GER"]
[Date "2012.07.15"]
[Round "2.42"]
[White "Niekrens, Stefan"]
[Black "Deinert, Wolfgang"]
[Result "1/2-1/2"]
[WhiteElo "1996"]
[BlackElo "1811"]
[WhiteFideId "24635383"]
[BlackFideId "4685229"]
[EventDate "2012.07.14"]

1. e4 e6 2. Nf3 d5 3. Nc3 d4 4. Ne2 Nc6 5. c3 dxc3 6. bxc3 Nf6 7. Ng3 Bd6 8. Qc2
O-O 9. Be2 e5 10. O-O Re8 11. a4 Bd7 12. Bc4 Na5 13. Ba2 c5 14. Ba3 Qe7 15. d3
Be6 16. Ng5 c4 17. Bxd6 Qxd6 18. dxc4 Bxc4 19. Bxc4 Nxc4 20. Nf5 Qc6 21. Qe2 h6
22. Nxf7 Kxf7 23. Qxc4+ Qxc4 24. Nd6+ Ke6 25. Nxc4 Rac8 26. Nd2 Rxc3 27. f3 Rd8
28. Rf2 Nd7 29. Nf1 Nc5 30. Rb2 Rdd3 31. Rba2 Nb3 32. Rb1 Na5 33. Rba1 Nc4 34.
Kf2 Ra3 35. Ke2 Rxa2+ 36. Rxa2 Ra3 37. Rxa3 Nxa3 38. Kd3 b5 39. axb5 Nxb5 40.
Kc4 Nd6+ 41. Kc5 h5 42. Ne3 g5 43. h3 a5 44. Nd5 g4 45. hxg4 hxg4 46. Ne3 gxf3
47. gxf3 a4 48. Kb4 a3 49. Kxa3 Nb5+ 50. Kb4 Nd4 51. Kc5 Nxf3 52. Nd5 Nd2 53.
Nc7+ Kd7 54. Kd5 1/2-1/2

[Event "Sparkassen Open A"]
[Site "Dortmund GER"]
[Date "2012.07.16"]
[Round "3.3"]
[White "Jesse, Ingemars"]
[Black "Sundorf, Jannik"]
[Result "1/2-1/2"]
[WhiteElo "2349"]
[BlackElo "2170"]
[WhiteFideId "11602724"]
[BlackFideId "12905380"]
[EventDate "2012.07.14"]

1. c4 Nf6 2. Nc3 e6 3. e4 d5 4. exd5 exd5 5. d4 c6 6. Nf3 Be7 7. Be2 O-O 8. O-O
dxc4 9. Bxc4 Nbd7 10. Re1 Nb6 11. Bb3 Nbd5 12. Ne5 Be6 13. Qf3 Qb6 14. Be3 Nxe3
15. Bxe6 Nc2 16. Nxf7 Rxf7 17. Bxf7+ Kxf7 18. Rxe7+ Kxe7 19. Qe2+ Kf8 20. Qxc2
Qxd4 21. Rd1 Re8 22. h3 Qc5 23. Qb3 Qb6 24. Qc4 Rd8 25. Rxd8+ Qxd8 26. Qc5+ Qe7
27. Qxa7 Qb4 28. Qa3 Qxa3 29. bxa3 Ke7 30. Kf1 Kd6 31. Ke2 Ke5 32. Kd3 g5 33. a4
h5 34. Kc4 b6 35. Kd3 g4 36. h4 Nd5 37. Ne2 Nf4+ 38. Nxf4 Kxf4 39. Kd4 c5+ 40.
Kd3 Ke5 41. Kc4 Kf4 42. Kb5 g3 43. fxg3+ Kxg3 44. a5 bxa5 45. Kxa5 Kxh4 46. Kb5
c4 47. Kb4 c3 48. Kxc3 Kg3 49. a4 Kxg2 50. a5 h4 51. a6 h3 52. a7 h2 53. a8=Q+
Kg1 54. Qg8+ Kh1 55. Qf7 Kg1 56. Qg6+ Kh1 57. Qf5 Kg2 58. Qg4+ Kh1 59. Qf4 Kg2
60. Kd3 h1=Q 61. Qg4+ Kh2 62. Qh4+ Kg1 63. Qxh1+ Kxh1 1/2-1/2

[Event "Sparkassen Open A"]
[Site "Dortmund GER"]
[Date "2012.07.16"]
[Round "3.4"]
[White "Schmitz, Philipp"]
[Black "Schulze, Torben"]
[Result "1/2-1/2"]
[WhiteElo "2053"]
[BlackElo "2309"]
[WhiteFideId "1270142"]
[BlackFideId "24630560"]
[EventDate "2012.07.14"]

1. e4 Nc6 2. Nf3 f5 3. exf5 d5 4. Bb5 Bxf5 5. d4 Qd6 6. Ne5 Nf6 7. O-O Nd7 8.
Bxc6 bxc6 9. Bf4 Qb4 10. b3 Nxe5 11. Bxe5 e6 12. Bxc7 Be7 13. c3 Qb7 14. Be5 O-O
15. Nd2 c5 16. Re1 Rac8 17. Nf1 Bh4 18. Bg3 Bf6 19. Be5 Bh4 20. Bg3 Bf6 21. Be5
Bh4 1/2-1/2

[Event "Sparkassen Open A"]
[Site "Dortmund GER"]
[Date "2012.07.16"]
[Round "3.5"]
[White "Scheider, Julian"]
[Black "Richters, Marc"]
[Result "1-0"]
[WhiteElo "2290"]
[BlackElo "2045"]
[WhiteFideId "24601284"]
[BlackFideId "24612332"]
[EventDate "2012.07.14"]

1. e4 c5 2. Nf3 d6 3. d4 cxd4 4. Nxd4 Nf6 5. Nc3 Nc6 6. Bg5 Qa5 7. Bxf6 gxf6 8.
Nb3 Qd8 9. Qd2 Bg7 10. O-O-O f5 11. Bd3 a5 12. a4 Ne5 13. exf5 Bd7 14. f4 Nxd3+
15. Qxd3 Rc8 16. Nd5 e6 17. f6 Bxf6 18. Nxf6+ Qxf6 19. Qxd6 Bxa4 20. Nc5 Bc6 21.
Ne4 Qg7 22. Qc5 1-0

[Event "Sparkassen Open A"]
[Site "Dortmund GER"]
[Date "2012.07.16"]
[Round "3.7"]
[White "Hecht, Carsten"]
[Black "Webb, Laurence E"]
[Result "1/2-1/2"]
[BlackTitle "FM"]
[WhiteElo "2050"]
[BlackElo "2265"]
[WhiteFideId "24693928"]
[BlackFideId "402389"]
[EventDate "2012.07.14"]

1. e4 c6 2. d4 d5 3. Nc3 dxe4 4. Nxe4 Nf6 5. Nxf6+ gxf6 6. c3 Bf5 7. Nf3 e6 8.
g3 Qd5 9. Bg2 Qe4+ 10. Qe2 Qxe2+ 11. Kxe2 Nd7 12. Bf4 Be4 13. Rhe1 f5 14. Kf1
Bg7 15. Ne5 Bd5 16. Bxd5 cxd5 17. Nd3 O-O 18. Re2 Rfc8 19. a3 a5 20. h4 a4 21.
Rae1 b5 22. f3 Nf6 23. Kf2 Ra6 24. Be5 Nd7 25. Bxg7 Kxg7 26. Kg2 Rd6 27. Kf2 Nb6
28. Rd1 Nc4 29. Rc1 Re8 30. Rce1 f6 31. Kf1 Kf7 32. Kf2 Rd7 33. f4 Nd6 34. Kf3
Ne4 35. Kg2 Ke7 36. Kh2 Kd6 37. Rg1 Rg7 38. Kh3 Reg8 39. Reg2 Rg4 40. Kh2 R8g6
41. Kh3 Rh6 42. Rf1 Rhg6 43. Rfg1 1/2-1/2

[Event "Sparkassen Open A"]
[Site "Dortmund GER"]
[Date "2012.07.16"]
[Round "3.8"]
[White "Gindi, Shachar"]
[Black "Imcke, Patrick"]
[Result "1-0"]
[WhiteElo "2245"]
[BlackElo "1874"]
[WhiteFideId "2804182"]
[BlackFideId "4622502"]
[EventDate "2012.07.14"]

1. c4 e5 2. g3 Nf6 3. Bg2 d5 4. cxd5 Nxd5 5. Nc3 Nb6 6. Nf3 Nc6 7. O-O Be6 8. a3
Be7 9. b4 O-O 10. Rb1 f6 11. d3 a5 12. b5 Nd4 13. Nd2 Nd5 14. Bxd5 Bxd5 15. e3
Be6 16. exd4 exd4 17. Ne2 Bh3 18. Re1 Bd6 19. Ne4 Be5 20. Nf4 Bxf4 21. Bxf4 1-0

[Event "Sparkassen Open A"]
[Site "Dortmund GER"]
[Date "2012.07.16"]
[Round "3.9"]
[White "Joppien, Arne"]
[Black "Piepho, Niels"]
[Result "1/2-1/2"]
[WhiteElo "2079"]
[BlackElo "2301"]
[WhiteFideId "4637500"]
[BlackFideId "4624262"]
[EventDate "2012.07.14"]

1. d4 g6 2. e4 d6 3. Bc4 Nf6 4. Nc3 Bg7 5. Nf3 Nc6 6. d5 Nb8 7. h3 c6 8. a4 a5
9. O-O O-O 10. Be3 Na6 11. Nd4 Bd7 12. Re1 Qc7 13. Qd2 Nb4 14. dxc6 bxc6 15. Re2
Rad8 16. Bh6 e5 17. Bxg7 Kxg7 18. Nf3 Bc8 19. Rae1 Nh5 20. Re3 Nf4 21. Ne2 Ne6
22. Bxe6 Bxe6 23. c3 Na6 24. b4 Bb3 25. Ra1 Bc4 26. Ng3 Rb8 27. Ree1 f6 28. Rab1
Rfd8 29. Nh2 d5 30. Ng4 Qe7 31. Qh6+ Kh8 32. bxa5 Nc5 33. exd5 cxd5 34. Rb6 Rxb6
35. axb6 Nxa4 36. f4 e4 37. f5 Qf8 38. Qe3 Qc5 39. Qxc5 Nxc5 40. fxg6 hxg6 41.
Nxf6 Rd6 42. Ng4 Rxb6 43. Ne3 Ba2 44. Ra1 Rb2 45. Kf1 Kg7 46. Ne2 Nd3 47. Nc1
Bc4 48. Nxc4 dxc4 49. Ne2 e3 50. g4 Rb7 51. Nd4 Nf4 52. h4 Rb2 53. Re1 Rf2+ 54.
Kg1 Rg2+ 55. Kh1 Rxg4 56. Rxe3 Rxh4+ 57. Kg1 Nd5 58. Rf3 Re4 59. Nb5 Re6 60. Rg3
Rb6 61. Nd4 Rb2 62. Nf5+ Kf6 63. Nd6 Rc2 64. Nxc4 Nxc3 65. Rf3+ Kg5 66. Ne5 Ne2+
67. Kf1 Nf4 68. Nf7+ Kg4 69. Ne5+ Kf5 70. Nxg6 Kxg6 71. Rxf4 1/2-1/2

[Event "Sparkassen Open A"]
[Site "Dortmund GER"]
[Date "2012.07.16"]
[Round "3.10"]
[White "Pustelny-Conrad, Dieter"]
[Black "Zuse, Klaus-Peter"]
[Result "0-1"]
[BlackTitle "FM"]
[WhiteElo "2070"]
[BlackElo "2278"]
[WhiteFideId "24695858"]
[BlackFideId "4605306"]
[EventDate "2012.07.14"]

1. e4 c5 2. Nf3 d6 3. d4 cxd4 4. Nxd4 Nf6 5. Nc3 a6 6. Bg5 e6 7. Qd2 Be7 8.
O-O-O O-O 9. f3 b5 10. g4 b4 11. Nce2 Qa5 12. Kb1 Nxe4 13. fxe4 Bxg5 14. Qd3 Be7
15. h4 Bb7 16. Rg1 Nd7 17. Ng3 Bxh4 18. Nh5 Bg5 19. Nf5 exf5 20. gxf5 h6 21.
Qxd6 Bxe4 22. Bc4 Qxf5 23. Qxd7 Bxc2+ 24. Ka1 Qxd7 25. Rxd7 a5 26. Rd6 Rfd8 0-1

[Event "Sparkassen Open A"]
[Site "Dortmund GER"]
[Date "2012.07.16"]
[Round "3.12"]
[White "Wagner, Alexej"]
[Black "Rueberg, Jobst"]
[Result "1/2-1/2"]
[BlackTitle "FM"]
[WhiteElo "2216"]
[BlackElo "2178"]
[WhiteFideId "4129555"]
[BlackFideId "4677501"]
[EventDate "2012.07.14"]

1. d4 Nf6 2. c4 e6 3. Nc3 Bb4 4. Qc2 c5 5. dxc5 Qc7 6. a3 Bxc5 7. Nf3 a6 8. Bg5
Be7 9. e3 d6 10. Be2 b6 11. O-O Bb7 12. Rac1 Nbd7 13. Rfd1 O-O 14. Nd4 Rfe8 15.
Bh4 Rac8 16. Bg3 Bf8 17. e4 Nc5 18. f3 Nh5 19. Bf2 Qb8 20. Bf1 Be7 21. b4 Nd7
22. Qd2 Nhf6 23. Na4 Bd8 24. Nb3 Bc7 25. Bg3 d5 26. Bxc7 Rxc7 27. cxd5 Rxc1 28.
Nxc1 exd5 29. exd5 Bxd5 30. Nc3 Bb7 31. Qd4 h6 32. Bc4 Qc7 33. N1e2 Ne5 34. Bb3
Bxf3 35. Qd6 Qxd6 36. Rxd6 Bxe2 37. Nxe2 Ned7 38. Nd4 Re1+ 39. Kf2 Ra1 40. Rc6
Rxa3 41. Rc8+ Kh7 42. Bxf7 Rd3 43. Nf3 Rd6 1/2-1/2